| 000 | 00948nam a2200313Ia 4500 | ||
|---|---|---|---|
| 001 | Z_1392 | ||
| 003 | CHAP | ||
| 008 | 220113s1986 xx 000 0 und d | ||
| 010 | _a164481 | ||
| 040 | _cCHAP | ||
| 090 | _aTesis B 352 | ||
| 100 |
_aBermúdez Estevez, Jorge W _911853 |
||
| 245 |
_aUso de metabolitos sanguíneos en la determinación del estado nutricional de ovinos / _cpor Jorge W. Bermúdez Estevez |
||
| 260 |
_aCuautitlán Izcalli : _bEl autor, _c1986 |
||
| 300 | _a85 h | ||
| 440 | _a | ||
| 502 | _aTesis (M.C. en Producción Animal Esp. en Ovinos y Caprinos) -- UNAM. Facultad de Estudios Superiores Cuautitlán | ||
| 503 | _a | ||
| 650 |
_aGanado lanar _xNutrición _945205 |
||
| 650 |
_aGanado _xSangre _944952 |
||
| 650 |
_aMetabolitos I.t. _9138585 |
||
| 650 |
_aSangre _xAnalisis y química _9102211 |
||
| 901 | _aTesis B 352 | ||
| 902 | _aA | ||
| 910 | _a1986 | ||
| 942 | _c2 | ||
| 942 | _c2 | ||
| 999 |
_c164481 _d164481 |
||